Essentials of human resource management and industrial relations: Text. cases and games (Record no. 147238)

MARC details
000 -LEADER
fixed length control field 00450nam a2200157Ia 4500
008 - FIXED-LENGTH DATA ELEMENTS--GENERAL INFORMATION
fixed length control field 230917s9999||||xx |||||||||||||| ||und||
040 ## - CATALOGING SOURCE
-- 122434
Original cataloging agency VIVEKANANDA LIBRARY
041 ## - Language
-- English
082 ## - DDC NUMBER
Classification number 658.3 S14E
100 ## - MAIN ENTRY--PERSONAL NAME
Personal name Subba Rao, P
245 #0 - TITLE STATEMENT
Title Essentials of human resource management and industrial relations: Text. cases and games
250 ## - EDITION STATEMENT
Edition statement 3rd rev ed.
260 ## - PUBLICATION, DISTRIBUTION, ETC. (IMPRINT)
Place of publication, distribution, etc Mumbai
Name of publisher, distributor, etc Himalaya Publishing House
Date of publication, distribution, etc 2008
300 ## - PHYSICAL DESCRIPTION
Pages 613p p.
942 ## - ADDED ENTRY ELEMENTS (KOHA)
Koha item type Books
Holdings
Withdrawn status Lost status Damaged status Not for loan Location (home branch) Sublocation or collection (holding branch) Date acquired Koha issues (times borrowed) Koha full call number Accession No. Koha date last seen Koha item type Shelving location
        VIVEKANANDA LIBRARY VIVEKANANDA LIBRARY 18/03/2009   658.3 S14E 262354 17/09/2023 Books  
        VIVEKANANDA LIBRARY VIVEKANANDA LIBRARY 18/03/2009   658.3 S14E 300399 17/09/2023 Books IMSAR Library
© Designed and Maintained by Vivekananda Library, MDU Rohtak